000 00898nam a2200289 i 4500
001 000046244
003 DO-SdBNP
005 20240412074305.0
007 ta
008 091015s1995 dr r 000 p spa d
040 _aDO-SdBNP
_bspa
_cBNPHU
_erda
082 4 _aRD861.44
_bW373a, 1995
_222
100 1 _aWeber, Delia
_d1900-1982
_924257
245 1 0 _aAscuas vivas :
_bpoemas /
_cDelia Weber.
250 _a2a. ed.
264 _aSanto Domingo :
_c1995.
300 _a105 páginas ;
_c21 cm.
336 _2rdacontent
_atexto
_btxt
337 _2rdamedia
_asin mediación
_bn
338 _2rdacarrier
_avolumen
_bnc
490 0 _aAntología de nuestra voz
590 _aPerteneció a la biblioteca personal de Chiqui Vicioso/Fidelio Despradel
650 4 _aPoesía domincana
_925680
650 0 _aLiteratura dominicana.
_967
910 _aValidado. Control de calida. MFF
942 _2ddc
_cLBS1
999 _c45733
_d45733